Vybrané aspekty predaja potravín a nápojov na Slovensku

Saved in:
Bibliographic Details
Main Author: Luptáková, Zuzana (Author)
Other Authors: Katrenčík, Ivan (Thesis advisor)
Format: Manuscript Book
Language:Slovak
Published: 2024
Subjects:
Online Access:http://is.stuba.sk/zp/portal_zp.pl?podrobnosti=176552
Tags: Add Tag
No Tags, Be the first to tag this record!

MARC

LEADER 00000ntm a22000003a 4500
001 stuzp99150
003 SK-STU
005 20240601210503.6
007 ta
008 150427s2015----xo-----f-mn---000-0-slo-d
040 |a STU  |b slo 
041 0 |a slo 
100 1 |a Luptáková, Zuzana  |u 902024  |k Z4  |4 aut  |U Ústav manažmentu STU  |T ÚM - Oddelenie manažmentu chemických a potravinárskych technológií  |X 99042  |U R2024  |Y 408  |7 99042 
242 0 1 |a Selected aspects of food and beverage sales in Slovakia  |y eng 
245 1 0 |a Vybrané aspekty predaja potravín a nápojov na Slovensku 
260 |c 2024 
650 4 |a potraviny  |2 slo 
650 4 |a distribučné cesty  |2 slo 
650 4 |a nápoje  |2 slo 
650 4 |a spotrebiteľské správanie  |2 slo 
650 4 |a food  |2 eng 
650 4 |a beverage  |2 eng 
650 4 |a consumer behavior  |2 eng 
650 4 |a distribution channels  |2 eng 
700 1 |a Katrenčík, Ivan  |u 902024  |k Z1  |4 ths  |U Ústav manažmentu STU  |T ÚM - Oddelenie manažmentu chemických a potravinárskych technológií  |X 44219  |U R2024  |Y 408  |7 44219 
856 4 |u http://is.stuba.sk/zp/portal_zp.pl?podrobnosti=176552